Social policies and programs on aging: What is and what should be in the later years (Record no. 44438)

MARC details
000 -LEADER
fixed length control field 00418nam a2200145Ia 4500
008 - FIXED-LENGTH DATA ELEMENTS--GENERAL INFORMATION
fixed length control field 230917s9999||||xx |||||||||||||| ||und||
040 ## - CATALOGING SOURCE
-- 9063
Original cataloging agency VIVEKANANDA LIBRARY
041 ## - Language
-- English
082 ## - DDC NUMBER
Classification number 362.60973 L955S
100 ## - MAIN ENTRY--PERSONAL NAME
Personal name Lowy, Louis
245 #0 - TITLE STATEMENT
Title Social policies and programs on aging: What is and what should be in the later years
260 ## - PUBLICATION, DISTRIBUTION, ETC. (IMPRINT)
Place of publication, distribution, etc Maddachusetts
Name of publisher, distributor, etc Lexigton Books
Date of publication, distribution, etc 1980
300 ## - PHYSICAL DESCRIPTION
Pages xv, 267 p.
942 ## - ADDED ENTRY ELEMENTS (KOHA)
Koha item type Books
Holdings
Withdrawn status Lost status Damaged status Not for loan Location (home branch) Sublocation or collection (holding branch) Date acquired Koha issues (times borrowed) Koha full call number Accession No. Koha date last seen Koha item type
        VIVEKANANDA LIBRARY VIVEKANANDA LIBRARY 08/08/2002   362.60973 L955S 111018 17/09/2023 Books
© Designed and Maintained by Vivekananda Library, MDU Rohtak